Statistics for Countries with Bicolour National Flags

Click here to take the quiz!

General Stats

  • This quiz has been taken 242 times
    (109 since last reset)
  • The average score is 27 of 35

Answer Stats

Answer% Correct
Poland
95%
Finland
94%
Indonesia
92%
Monaco
92%
Sweden
92%
Japan
89%
China
88%
Austria
87%
Denmark
87%
Bangladesh
86%
Greece
84%
Switzerland
84%
Canada
82%
Ukraine
81%
Latvia
80%
Turkey
80%
Albania
79%
Palau
78%
Vietnam
76%
Qatar
75%
Pakistan
74%
Saudi Arabia
74%
Tunisia
74%
Bahrain
72%
Israel
69%
Georgia
68%
Kazakhstan
68%
Nigeria
68%
Tonga
67%
Kyrgyzstan
66%
Singapore
66%
Macedonia
65%
Somalia
61%
Honduras
59%
Micronesia, Federated States of
56%

Score Distribution

Percentile by Number Answered

Percent of People with Each Score

Your Score History

You have not taken this quiz since the last reset